Le soufisme à l'époque ottomane, XVIe-XVIIIe siècle = Sufism in the Ottoman era, 16th-18th century /

Saved in:

Other Authors: Chih, Rachida, 1965-, Mayeur-Jaouen, Catherine.

Format: Book

Language: French
English

Published: Le Caire : Institut français d'archéologie orientale, 2010.

Series: Cahier des Annales Islamologiques, 29.
CAI ; 29.

Subjects:

Tags: Add Tag

No Tags, Be the first to tag this record!

Call Number: DS41 .C24 v.29

LEADER 03713namaa2200385 4500
001 22423
003 OSt
005 20211108080709.0
008 130303s2010 ua g b 101 0 fre d
952 |0 0  |1 0  |2 lcc  |3 V.29  |4 0  |6 DS0041 C24 V.00029  |7 1  |9 22049  |a ARCE  |b ARCE  |d 2021-11-08  |l 0  |o DS41 .C24 v.29  |p 1018365  |r 2021-11-08 00:00:00  |w 2021-11-08  |y BK 
999 |c 21405  |d 21405 
020 |a 9782724705485 
040 |c ARCE Library 
041 0 |a fre  |a eng  
043 |a f-ua--- 
050 4 |a DS41 .C24 v.29 
245 0 3 |a Le soufisme à l'époque ottomane, XVIe-XVIIIe siècle =  |b Sufism in the Ottoman era, 16th-18th century /  |c sous la diection de Rachida Chih et Catherine Mayeur-Jaouen ; avec la collaboration de Denis Gril et Richard McGregor.  
246 3 1 |a Sufism in the Ottoman era, 16th-18th century. 
264 1 |a Le Caire :  |b Institut français d'archéologie orientale,  |c 2010.  
300 |a viii, 442 pages ;  |c 28 cm.  
490 1 |a Cahier des Annales Islamologiques,   |x 0254-282X ;   |v 29. 
490 1 |a CAI ;   |v 29. 
500 |a Papers originally presented at a conference held January 2007 in Cairo, Egypt. 
504 |a Includes bibliographical references (p. [407]-419) and indexes. 
505 0 |a Introduction : le soufisme ottoman vu d'Égypte (XVIe-XVIIIe siècle) / Rachida Chih et Catherine Mayeur-Jaouen -- De la khirqa à la ṭarīqa : continuité et évolution dans l'identification et la classification des voies / Denis Gril -- Is this the end of medieval Sufism? Strategies of transversal affiliation in Ottoman Egypt / Richard McGregor -- Household Sufism in sixteenth-century Egypt : the rise of al-Sâda al-Bakrîya / Adam Sabra -- Le soufisme au verdict de la fatwa, selon les Fatâwâ hadîthiyya d'Ibn Hajar al-Haytamî (m. 974/1567) / Eric Geoffroy -- La vision du monde par une hagiographie anhistorique de l'Égypte ottomane : les Tabaqât sharnûbiyya et les quatre Pôles / Catherine Mayeur-Jaouen -- Du saint fondateur à la tarîqa : un infléchissement dans les modèles d'écriture hagiographique au Maghreb à la fin du XVIIe siècle? / Nelly Amri -- Rattachement initiatique et pratique de la Voie, selon al-Simt al-majîd d'al-Qushshâshî (m. 1661) / Rachida Chih -- La rencontre de l'Inde et de l'Égypte dans la vie et l'œuvre du savant religieux d'expression malaise Nûruddîn ar-Rânîrî (m. 1658) / Paul Wormser -- Refonder plutôt que réformer : la Naqshbandiyya non-muaddidî dans le monde turc (XVIe-XVIIIe siècle) : lecture de trois textes naqshbandî kâsânî / Alexandre Papas -- Nîyâzî Misrî : l'Égypte, station mystique pour un soufi turc du XVIIe siècle / Paul Ballanfat -- Écrire et décrire la confrérie Mevleviyye entre le XVIe et le XVIIe siécle / Alberto Fabio Ambrosio -- Une polémique à Istanbul au XVIIe siècle : les parents du Prophète étaient-ils musulmans? / Josef Dreher -- Défendre le soufisme par des temps difficiles : ︠Abd al-Ghanî al-Nâbulusî, polémiste anti-puritain / Samuela Pagani -- A tale of two poets : Sufism in Yemen during the Ottoman Epoch / Alexandre Knysh -- Mysticism and skepticism in Ottoman intellectual circles : Muhammad Kibrît's Istanbul travelogue (17th c.) / Ralf Elger -- Murtadâ al-Zabîdî (d. 1205/1791) and his role in 18th century sufism / Stefan Reichmuth. 
546 |a Twelve contributions in French and 4 in English; some text in Arabic. 
555 |a Nabil 
650 0 |a Sufism  |z Egypt  |x History  |v Congresses.  
650 0 |a Islam  |z Egypt  |x History  |v Congresses.  
700 1 |a Chih, Rachida,   |d 1965-  
700 1 |a Mayeur-Jaouen, Catherine.  |9 35636 
830 0 |a Cahier des Annales Islamologiques,   |x 0254-282X ;   |v 29. 
830 0 |a CAI ;   |v 29. 
901 |a reviewed 
942 |c BK  |2 lcc